| 000 | 00553nam a22001937a 4500 | ||
|---|---|---|---|
| 003 | BD-ChCU | ||
| 005 | 20260225111622.0 | ||
| 008 | 260225b me||||| |||| 00| 0 eng d | ||
| 020 | _a9788131521014 | ||
| 040 | _cBD-ChCU | ||
| 082 |
_223 _a658.872 S678 |
||
| 100 |
_aBarker,Melissa...(et.al). _920585 |
||
| 245 |
_aSocial media marketing: _ba strategic approach/ _cMelissa Barker...(et.al). |
||
| 260 |
_aMaxico City: _bCengage, _c2013 |
||
| 300 | _a362 P. : | ||
| 504 | _aIncludes. | ||
| 650 | 0 |
_aMarketing ; Marketing. _920586 |
|
| 942 |
_2ddc _cBK _n0 |
||
| 999 |
_c111742 _d111742 |
||